| 000 | 00383nam a22001577a 4500 | ||
|---|---|---|---|
| 003 | OSt | ||
| 008 | 230510b |||||||| |||| 00| 0 eng d | ||
| 020 | _a9789389795738 | ||
| 041 | _aeng | ||
| 082 |
_a664.92 _bVIK/ME |
||
| 100 |
_aVikas nanda _95457 |
||
| 245 |
_aMeat, Egg and Poultry: _bscience & technology |
||
| 260 |
_aNew delhi _bDreamrtech _c2020 |
||
| 300 | _a284 | ||
| 942 | _cBK | ||
| 999 |
_c17691 _d17691 |
||